Sri Lanka True Or False - Statistics

General Stats
  • This quiz has been taken 293 times
  • The average score is 4 of 5
Answer Stats
Question Answer % Correct
Sri Lanka borders multiple countries. False
92%
Sri Lanka is located entirely on islands. True
87%
Sri Lanka has more land area than Portugal. False
81%
Sri Lanka has two capitals. True
71%
Sri Lanka has a larger population than Zimbabwe. True
63%
No matching quizzes found
Score Distribution
Percent of People with Each Score
Percentile by Number Answered
Your Score History
You have not taken this quiz